<?xml version="1.0" encoding="UTF-8"?><marc:collection xmlns:marc="http://www.loc.gov/MARC21/slim">
  <marc:record>
    <marc:leader>01872cam a2200421 c 4500</marc:leader>
    <marc:controlfield tag="001">013860631</marc:controlfield>
    <marc:controlfield tag="003">DE-603</marc:controlfield>
    <marc:controlfield tag="005">20230927095457.0</marc:controlfield>
    <marc:controlfield tag="007">tu</marc:controlfield>
    <marc:controlfield tag="008">901211s1991    xx ||||  |   u00| u|eng  </marc:controlfield>
    <marc:datafield tag="015" ind1=" " ind2=" ">
      <marc:subfield code="a">90,N51,0174</marc:subfield>
      <marc:subfield code="2">dnb</marc:subfield>
    </marc:datafield>
    <marc:datafield tag="016" ind1="7" ind2=" ">
      <marc:subfield code="2">DE-101</marc:subfield>
      <marc:subfield code="a">901212601</marc:subfield>
    </marc:datafield>
    <marc:datafield tag="020" ind1=" " ind2=" ">
      <marc:subfield code="a">3631431910</marc:subfield>
    </marc:datafield>
    <marc:datafield tag="035" ind1=" " ind2=" ">
      <marc:subfield code="a">(DE-599)DNB901212601</marc:subfield>
    </marc:datafield>
    <marc:datafield tag="035" ind1=" " ind2=" ">
      <marc:subfield code="a">(OCoLC)23142980</marc:subfield>
    </marc:datafield>
    <marc:datafield tag="040" ind1=" " ind2=" ">
      <marc:subfield code="a">DE-603</marc:subfield>
      <marc:subfield code="b">ger</marc:subfield>
      <marc:subfield code="c">DE-603</marc:subfield>
      <marc:subfield code="d">DE-603</marc:subfield>
    </marc:datafield>
    <marc:datafield tag="041" ind1=" " ind2=" ">
      <marc:subfield code="a">eng</marc:subfield>
    </marc:datafield>
    <marc:datafield tag="082" ind1="7" ind2=" ">
      <marc:subfield code="8">2\p</marc:subfield>
      <marc:subfield code="a">332.660952</marc:subfield>
      <marc:subfield code="2">20/oclc</marc:subfield>
    </marc:datafield>
    <marc:datafield tag="084" ind1=" " ind2=" ">
      <marc:subfield code="a">17</marc:subfield>
      <marc:subfield code="q">DE-101</marc:subfield>
      <marc:subfield code="2">sdnb</marc:subfield>
    </marc:datafield>
    <marc:datafield tag="084" ind1=" " ind2=" ">
      <marc:subfield code="a">QK 400</marc:subfield>
      <marc:subfield code="0">(DE-625)141652:</marc:subfield>
      <marc:subfield code="0">(DE-603)411128450</marc:subfield>
      <marc:subfield code="2">rvk</marc:subfield>
    </marc:datafield>
    <marc:datafield tag="084" ind1=" " ind2=" ">
      <marc:subfield code="a">QG 870</marc:subfield>
      <marc:subfield code="0">(DE-625)141525:</marc:subfield>
      <marc:subfield code="0">(DE-603)411127187</marc:subfield>
      <marc:subfield code="2">rvk</marc:subfield>
    </marc:datafield>
    <marc:datafield tag="084" ind1=" " ind2=" ">
      <marc:subfield code="a">QK 010</marc:subfield>
      <marc:subfield code="0">(DE-625)141631:</marc:subfield>
      <marc:subfield code="0">(DE-603)411128248</marc:subfield>
      <marc:subfield code="2">rvk</marc:subfield>
    </marc:datafield>
    <marc:datafield tag="100" ind1="1" ind2=" ">
      <marc:subfield code="8">1\p</marc:subfield>
      <marc:subfield code="a">Arora, Dayanand</marc:subfield>
      <marc:subfield code="d">1958-</marc:subfield>
      <marc:subfield code="e">Verfasser</marc:subfield>
      <marc:subfield code="4">aut</marc:subfield>
      <marc:subfield code="0">(DE-603)295129077</marc:subfield>
      <marc:subfield code="0">(DE-588)170961591</marc:subfield>
      <marc:subfield code="2">gnd</marc:subfield>
    </marc:datafield>
    <marc:datafield tag="245" ind1="1" ind2="0">
      <marc:subfield code="a">Investment banking in Japan</marc:subfield>
      <marc:subfield code="b">retrospect and prospects</marc:subfield>
      <marc:subfield code="c">Dayanand Arora</marc:subfield>
    </marc:datafield>
    <marc:datafield tag="264" ind1=" " ind2="1">
      <marc:subfield code="a">Frankfurt am Main</marc:subfield>
      <marc:subfield code="b">Lang</marc:subfield>
      <marc:subfield code="c">1991</marc:subfield>
    </marc:datafield>
    <marc:datafield tag="300" ind1=" " ind2=" ">
      <marc:subfield code="a">XVII, 169 Seiten</marc:subfield>
      <marc:subfield code="b">Diagramme</marc:subfield>
    </marc:datafield>
    <marc:datafield tag="336" ind1=" " ind2=" ">
      <marc:subfield code="a">Text</marc:subfield>
      <marc:subfield code="b">txt</marc:subfield>
      <marc:subfield code="2">rdacontent</marc:subfield>
    </marc:datafield>
    <marc:datafield tag="337" ind1=" " ind2=" ">
      <marc:subfield code="a">ohne Hilfsmittel zu benutzen</marc:subfield>
      <marc:subfield code="b">n</marc:subfield>
      <marc:subfield code="2">rdamedia</marc:subfield>
    </marc:datafield>
    <marc:datafield tag="338" ind1=" " ind2=" ">
      <marc:subfield code="a">Band</marc:subfield>
      <marc:subfield code="b">nc</marc:subfield>
      <marc:subfield code="2">rdacarrier</marc:subfield>
    </marc:datafield>
    <marc:datafield tag="490" ind1="1" ind2=" ">
      <marc:subfield code="a">European university studies. Ser. 5, Economics and management</marc:subfield>
      <marc:subfield code="v">1141</marc:subfield>
    </marc:datafield>
    <marc:datafield tag="650" ind1=" " ind2="7">
      <marc:subfield code="a">Investment Banking</marc:subfield>
      <marc:subfield code="0">(DE-588)4200159-6</marc:subfield>
      <marc:subfield code="0">(DE-603)086010727</marc:subfield>
      <marc:subfield code="2">gnd</marc:subfield>
    </marc:datafield>
    <marc:datafield tag="651" ind1=" " ind2="7">
      <marc:subfield code="a">Japan</marc:subfield>
      <marc:subfield code="0">(DE-588)4028495-5</marc:subfield>
      <marc:subfield code="0">(DE-603)085075337</marc:subfield>
      <marc:subfield code="2">gnd</marc:subfield>
    </marc:datafield>
    <marc:datafield tag="830" ind1=" " ind2="0">
      <marc:subfield code="a">Europäische Hochschulschriften</marc:subfield>
      <marc:subfield code="n">Reihe 5</marc:subfield>
      <marc:subfield code="p">Volks- und Betriebswirtschaft</marc:subfield>
      <marc:subfield code="v">1141</marc:subfield>
      <marc:subfield code="w">(DE-603)00561175X</marc:subfield>
      <marc:subfield code="w">(DE-600)510547-X</marc:subfield>
      <marc:subfield code="w">(DE-599)ZDB510547-X</marc:subfield>
      <marc:subfield code="9">41141</marc:subfield>
      <marc:subfield code="7">as</marc:subfield>
    </marc:datafield>
    <marc:datafield tag="856" ind1="4" ind2="2">
      <marc:subfield code="m">V:DE-605</marc:subfield>
      <marc:subfield code="q">application/pdf</marc:subfield>
      <marc:subfield code="u">http://scans.hebis.de/HEBCGI/show.pl?01386063_toc.pdf</marc:subfield>
      <marc:subfield code="3">Inhaltsverzeichnis</marc:subfield>
    </marc:datafield>
    <marc:datafield tag="883" ind1=" " ind2=" ">
      <marc:subfield code="8">1\p</marc:subfield>
      <marc:subfield code="a">cgwrk</marc:subfield>
      <marc:subfield code="d">20220215</marc:subfield>
      <marc:subfield code="q">DE-101</marc:subfield>
      <marc:subfield code="u">https://d-nb.info/provenance/plan#cgwrk</marc:subfield>
    </marc:datafield>
    <marc:datafield tag="924" ind1="0" ind2=" ">
      <marc:subfield code="9">30</marc:subfield>
      <marc:subfield code="a">(DE-603)025030698</marc:subfield>
      <marc:subfield code="b">DE-30</marc:subfield>
      <marc:subfield code="c">HES</marc:subfield>
      <marc:subfield code="d">c</marc:subfield>
      <marc:subfield code="g">84.584.28</marc:subfield>
    </marc:datafield>
    <marc:datafield tag="924" ind1="0" ind2=" ">
      <marc:subfield code="9">30/34</marc:subfield>
      <marc:subfield code="a">(DE-603)121091783</marc:subfield>
      <marc:subfield code="b">DE-30-34</marc:subfield>
      <marc:subfield code="c">HES</marc:subfield>
      <marc:subfield code="d">d</marc:subfield>
      <marc:subfield code="g">05/QK 010 A769</marc:subfield>
    </marc:datafield>
    <marc:datafield tag="924" ind1="0" ind2=" ">
      <marc:subfield code="9">77/018</marc:subfield>
      <marc:subfield code="a">(DE-603)071687238</marc:subfield>
      <marc:subfield code="b">DE-77-018</marc:subfield>
      <marc:subfield code="c">HES</marc:subfield>
      <marc:subfield code="d">d</marc:subfield>
      <marc:subfield code="g">XXIV/a 9</marc:subfield>
    </marc:datafield>
  </marc:record>
</marc:collection>
